000 00643nam a22002057a 4500
003 koha_MIRAKIL
005 20241009103201.0
008 231213b |||||||| |||| 00| 0 ||| d
020 _a9786052164587
040 _aTR-IsEVY
_btur
_cTR-IsEVY
082 _a92ATA OY/A
100 _aOy, Ayşen
245 0 _aAtatürk ve çocuk sevgisi /
_cAyşen Oy ; resimleyen Cemre Arslan
250 _a4. bs.
260 _bMasalperest Yayınları,
_c2020.
_aİstanbul :
300 _a24 s. :
_brenkli resimli ;
_c21 cm.
490 0 _aİlk Atatürk Kitaplığım ; 1.
650 _aMustafa Kemal Atatürk
_vÇocuk sevgisi.
_vDeğerler.
942 _2ddc
_cBK
999 _c20631
_d20631